Информационное письмо помощника советского военного атташе в Праге В. Н. Кашубы в отдел внешних сношений НКО СССР "О территориал...

RUSMARC
00003995cbm0a2200277#x 450
00184e2a8ab-7349-46bf-a188-14ea6d80faf8
00520200417144951.0
100##$a20200402j19381102k###0rusy50 ca
1010#$arus
102##$aCZ
1220#$ad19381102##
2001#$aИнформационное письмо помощника советского военного атташе в Праге В. Н. Кашубы в отдел внешних сношений НКО СССР "О территориальных уступках венграм"
$jне ранее 2 ноября 1938 г.
251##$cДокумент
300##$aПодлинник
461#0$12001
$aФ. 37967
$1251
$cФонд
$1852
$j37967
462#0$12001
$aОп. 6
$1251
$cОпись
$1852
$j6
462#0$12001
$aД. 129
$vЛ. 395-394
$1251
$cДело
$1852
$j129
605##$aВторая мировая война в архивных документах (Комплекс оцифрованных архивных документов, кино- и фотоматериалов)
$lколлекция
$2prlib_sh
$3LIBNET\UAF\0000088514
617##$aСССР
$f1938
$2prlib_sh
617##$aЧехословакия
$f1938
$2prlib_sh
617##$aВенгрия
$f1938
$2prlib_sh
801#0$aRU
$bПБ им. Б.Н. Ельцина
$c20200402
801#1$aRU
$bПБ им. Б.Н. Ельцина
$c20200402
$2rusmarc
801#2$aRU
$bПБ им. Б.Н. Ельцина
$c20200417
$2rusmarc
850##$aРоссийский государственный военный архив
852##$aРГВА
$jЛ. 395-394
035##$aLIBNET\0001068203
937##$d144050431
$hРоссийский государственный военный архив
8564#$uhttp://readingroom.main.prlib.ru/item.aspx?id_node=n144050431&mode=full
Формат отображения